Время в классической и релятивистской физике

Библиографические подробности
Главный автор: Молчанов Ю. Б. Юрий Борисович
Язык:русский
Опубликовано: Москва, Знание, 1969
Серии:Философия
Предметы:
Формат: MixedMaterials Книга
Запись в KOHA:https://koha.lib.tpu.ru/cgi-bin/koha/opac-detail.pl?biblionumber=372604

MARC

LEADER 00000nam0a2200000 4500
001 372604
005 20231102012506.0
035 |a (RuTPU)RU\TPU\retro\30028 
035 |a RU\TPU\book\269813 
090 |a 372604 
100 |a 20221215d1969 km y0rusy50 ca 
101 0 |a rus 
102 |a RU 
105 |a y z 001zy 
200 1 |a Время в классической и релятивистской физике  |f Ю. Б. Молчанов 
210 |a Москва  |c Знание  |d 1969 
215 |a 48 с.  |c ил. 
225 1 |a Философия 
606 1 |a Относительности теория  |2 stltpush  |3 (RuTPU)RU\TPU\subj\47735  |9 66647 
610 1 |a классическая физика 
610 1 |a время 
610 1 |a одновременность 
610 1 |a понятия 
675 |a 530.12  |v 3 
700 1 |a Молчанов  |b Ю. Б.  |g Юрий Борисович 
801 1 |a RU  |b 63413507  |c 20140117 
801 2 |a RU  |b 63413507  |c 20221215  |g RCR 
942 |c BK